000
00225nam a22001097a 4500
041
_a
ENG
245
_a
What's Best
260
_a
Iillinois
_b
Lindo Systems INC.
_c
1998
300
_a
297
650
_a
Computer
856
_u
Computer
999
_c
739
_d
739